000
00331nam a2200145Ia 4500
008
230718s9999 xx 000 0 und d
041
_a
Eng.
082
_a
346
_b
ABB-T
100
_a
Abbas, Naweed
245
4
_a
The Company Car in fouin
260
_a
Pakistan
_b
Manor lowbod
_c
2001
300
_a
222
650
_a
Law
999
_c
29335
_d
29335